000 00765nam a22001937a 4500
999 _c371460
_d371460
008 201127b ||||| |||| 00| 0 eng d
040 _aDE-2950
_bger
_cDE-2950
_erda
041 _ager
245 _aDer MOZ-Talk geht ins zehnte Jahr.
_bShow: Zum MOZ-Talk mit Lilo Wanders und David Friedrich am 16. März kommen ein Musical-Star, ein Flirt-Coach und eine Nachwuchsband ins Kleistforum. /
_cHeinz Kannenberg
264 _c2022
653 _aFrankfurt (Oder)
653 _aKleistforum
653 _aVeranstaltungsreihe
773 _dFrankfurt (Oder) Märkisches Verlags- und Druckhaus GmbH & Co KG
_tMärkische Oderzeitung
_g33. Jahrgang (2022) Nr. 44 vom 22.02.2022, S. 16
942 _cA